Orfeo y la religión griega (Record no. 66742)

MARC details
000 -LEADER
campo de control de longitud fija 00955nam a2200277 i 4500
001 - NÚMERO DE CONTROL
campo de control 66742
003 - IDENTIFICADOR DE NÚMERO DE CONTROL
campo de control ES-MaACL
005 - FECHA Y HORA DE LA ÚLTIMA TRANSACCIÓN
campo de control 20250813060903.0
007 - CAMPO FIJO DE DESCRIPCIÓN FÍSICA--INFORMACIÓN GENERAL
campo de control de longitud fija t|
008 - DATOS DE LONGITUD FIJA--INFORMACIÓN GENERAL
campo de control de longitud fija 040325s2003 sp ||||1| spa d
020 ## - NÚMERO INTERNACIONAL ESTÁNDAR DEL LIBRO
Número Internacional Estándar del Libro 84-7844-672-9
080 ## - NÚMERO DE LA CLASIFICACIÓN DECIMAL UNIVERSAL
Número de la Clasificación Decimal Universal 292.11
100 1# - ENTRADA PRINCIPAL--NOMBRE DE PERSONA
Nombre de persona Guthrie, William Keith Chambers.
9 (RLIN) 156751
245 10 - MENCIÓN DEL TÍTULO
Título Orfeo y la religión griega
Resto del título : estudio sobre el "movimiento órfico" /
Mención de responsabilidad, etc. W.K.C. Guthrie ; prefacio de Larry J. Alderink ; traducción de Juan Valmard.
300 ## - DESCRIPCIÓN FÍSICA
Extensión 380, [8] p. de lám. :
Otras características físicas il. ;
Dimensiones 22 cm.
490 1# - MENCIÓN DE SERIE
Mención de serie El árbol del paraíso ;
Designación de volumen o secuencia 30
500 ## - NOTA GENERAL
Nota general Indice.
600 14 - PUNTO DE ACCESO ADICIONAL DE MATERIA--NOMBRE DE PERSONA
Nombre de persona Orfeo (personaje mitológico)
9 (RLIN) 87239
650 14 - PUNTO DE ACCESO ADICIONAL DE MATERIA--TÉRMINO DE MATERIA
Término de materia o nombre geográfico como elemento de entrada Mitología griega.
9 (RLIN) 15104
650 17 - PUNTO DE ACCESO ADICIONAL DE MATERIA--TÉRMINO DE MATERIA
Término de materia o nombre geográfico como elemento de entrada Religión griega
Fuente del encabezamiento o término embne
9 (RLIN) 16804
700 1# - ENTRADA AGREGADA--NOMBRE PERSONAL
Nombre de persona Alderink, Larry J.
9 (RLIN) 19642
700 1# - ENTRADA AGREGADA--NOMBRE PERSONAL
Nombre de persona Valmard, Juan.
9 (RLIN) 112973
830 03 - PUNTO DE ACCESO ADICIONAL DE SERIE-TÍTULO UNIFORME
Título uniforme El árbol del paraíso
Designación de volumen o secuencia 30
9 (RLIN) 179942
852 ## - LOCALIZACIÓN
Ubicación ES-MaACL
Número de control de estantería L-27201
Sublocalización o colección R.132830
Holdings
Estatus retirado Estado de pérdida Estado de daño No para préstamo Biblioteca de origen Biblioteca actual Ubicación en estantería Fecha de adquisición Fuente de adquisición Total de préstamos Signatura topográfica completa Código de barras Visto por última vez Precio de reemplazo Tipo de ítem Koha
        Biblioteca del Ateneo de Madrid Biblioteca del Ateneo de Madrid Depósito 2 17/01/2008     L-27201 1069908 23/02/2023 23/02/2023 Libro impreso